Correspondencia privada y sonetos lujuriosos (Record no. 6926)

MARC details
000 -CABECERA
campo de control de longitud fija 00801nam a2200229 a 4500
001 - NÚMERO DE CONTROL
campo de control BRCA_7245
005 - FECHA Y HORA DE LA ÚLTIMA TRANSACCIÓN
campo de control 20190320205752.0
008 - DATOS DE LONGITUD FIJA--INFORMACIÓN GENERAL
campo de control de longitud fija 250112s1946----mx-a######---#000-0#spa-#
041 ## - CÓDIGO DE LENGUA
Código de lengua del texto/banda sonora o título independiente spa
044 ## - CÓDIGO DEL PAÍS DE LA ENTIDAD EDITORA/PRODUCTORA
Código MARC del país mx
050 #4 - SIGNATURA TOPOGRÁFICA DE LA BIBLIOTECA DEL CONGRESO
Número de clasificación PQ4563
Número de documento/Ítem .C67 1946
245 10 - MENCIÓN DE TÍTULO
Título Correspondencia privada y sonetos lujuriosos
Mención de responsabilidad, etc. Pietro Aretino; datos biográficos, noticias y comentarios por Isidore Liseux.
260 ## - PUBLICACIÓN, DISTRIBUCIÓN, ETC.
Lugar de publicación, distribución, etc. México
Nombre del editor, distribuidor, etc. Renacimiento
Fecha de publicación, distribución, etc. 1946
300 ## - DESCRIPCIÓN FÍSICA
Extensión 139 p.
Otras características físicas il., 8 láminas, retratos
Dimensiones 29 cm.
500 ## - NOTA GENERAL
Nota general Incluye 8 reproducciones de obras de Tiziano y Rafael en laminas fuera de texto
500 ## - NOTA GENERAL
Nota general P152
600 14 - PUNTO DE ACCESO ADICIONAL DE MATERIA--NOMBRE DE PERSONA
Nombre de persona Aretino, Pietro
Fechas asociadas al nombre 1492-1556
Subdivisión de forma Correspondencia, memorias, etc.
9 (RLIN) 17954
650 14 - PUNTO DE ACCESO ADICIONAL DE MATERIA--TÉRMINO DE MATERIA
Término de materia o nombre geográfico como elemento de entrada Literatura erótica
9 (RLIN) 17930
730 0# - PUNTO DE ACCESO ADICIONAL--TÍTULO UNIFORME
Título uniforme Sonetos lujuriosos
9 (RLIN) 17955
902 ## - CATALOGADOR
Iniciales GFM
942 ## - ELEMENTOS DE PUNTO DE ACCESO ADICIONAL (KOHA)
Fuente del sistema de clasificación o colocación Library of Congress Classification
Tipo de ítem Koha Libros
Holdings
Estado de retiro Estado de pérdida Estado dañado No para préstamo Localización permanente Ubicación/localización actual Fecha de adquisición Número de inventario Total de préstamos Signatura topográfica completa Código de barras Fecha visto por última vez Precio válido a partir de Tipo de ítem Koha
El ejemplar forma parte de la colección y puede ser consultado según las políticas vigentes.       Biblioteca del Museo Franz Mayer (Rogerio Casas-Alatriste) Biblioteca del Museo Franz Mayer (Rogerio Casas-Alatriste) 25/01/2012 P152   PQ4563 .C67 1946 (P152) 7704 22/03/2019 22/03/2019 Libros